000 00815nam a2200277 i 4500
001 C2-0337451
003 PPAK
005 20180728140209.0
008 160823s2016 my a|||| ||||| | may d
020 _a9789830075570
040 _aPPAK
_beng
_cPPAK
_erda
082 0 4 _a330.076
_223
090 0 0 _a330.076
_bPHA
_dR
100 1 _aPhang, Hang Kuok,
_eauthor
245 1 0 _aEkonomi asas tingkatan 4 . 5
264 1 _aBangi, Selangor :
_bPenerbitan Pelangi Sdn. Bhd. ,
_c2016
300 _axvi, 416 pages :
_bcolour illustrations ;
_c26 cm
336 _2rdacontent
_atext
337 _2rdamedia
_aunmediated
338 _2rdacarrier
_avolume
490 1 _aFocus SPM
500 _aIncludes questions and answers.
650 1 0 _aEconomics - Problems, exercises, etc.
830 0 _aFocus SPM
942 _ddc
_cB
999 _c135107
_d135107